| 000 | 00553cab a2200193 4500 | ||
|---|---|---|---|
| 001 | WB3201-65 | ||
| 008 | 090401t1995 xxu||||| |||| 00| 0 eng d | ||
| 035 | _a(Sirsi) u12288 | ||
| 041 | _aeng | ||
| 245 | _aOstrich farming | ||
| 260 | _c1995 | ||
| 350 | _a0 | ||
| 490 |
_aTimes _v23 December 1995, 26(2) |
||
| 520 | _aDiscusses the pros and cons of investing in ostrich farms in the light of a recent advertisment by the Ostrich Farming Corporation. | ||
| 650 | _aOSTRICH FARMING | ||
| 690 | _aRURAL PRACTICE | ||
| 942 | _n0 | ||
| 948 | _c04/03/1997 | ||
| 999 |
_c7866 _d7866 |
||